Alle Fußball EM 2024 Teilnehmer - Statistiken

Allgemein
  • Dieses Quiz wurde 136 mal gespielt
  • Das Durchschnittsergebnis liegt bei 22 aus 24
Antwortstatistiken
Beste Ergebniss Gruppe Team/Land % Korrekt
Europameister B Spanien
100%
Europameister A Deutschland
99%
Europameister F Portugal
99%
Viertelfinale A Schweiz
98%
Europameister D Frankreich
97%
Viertelfinale D Österreich
97%
Europameister C Dänemark
96%
Europameister B Italien
96%
Vize-Europameister D Niederlande
96%
Vize-Europameister E Belgien
95%
Europameister C England
95%
Viertelfinale A Schottland
94%
Viertelfinale D Polen
93%
Vize-Europameister A Ungarn
92%
Vize-Euromeister B Kroatien
90%
Europameister F Tschechien
90%
Viertelfinale E Ukraine
90%
Halbfinale F Türkei
89%
Viertelfinale B Albanien
88%
Viertelfinale E Rumänien
87%
Achtelfinale E Slowakei
85%
Viertelfinale C Slowenien
85%
Viertelfinale C Serbien
83%
Debüt F Georgien
78%
Keine übereinstimmenden Quizze gefunden
Verteilung der Resultate
Anzahl Personen mit jedem Resultat
Perzentil nach korrekt beantworteten Fragen
Ihre Resultats-Entwicklung
Sie haben dieses Quiz noch nicht gespielt